| 000 | 00443nam a2200181Ia 4500 | ||
|---|---|---|---|
| 001 | 19778 | ||
| 005 | 20260306172718.0 | ||
| 008 | 260306t2017||||xx |||||||||||||| ||spa|| | ||
| 041 | _aESP | ||
| 082 |
_a341.1 _bD284 |
||
| 100 |
_aDuke, George _eAUT |
||
| 245 | 4 | _aThe cambridge companion to natural law jurisprudence | |
| 260 | _c2017 | ||
| 300 |
_a458 páginas : _c23 cm. |
||
| 650 | _aGEN | ||
| 654 | _aCDE | ||
| 942 |
_cLIB _dJUS _fJUS _2ddc _n |
||
| 999 |
_c19778 _d19778 |
||